Jewish subjects and their tribal chieftains in Kurdistan (Record no. 7178)
[ view plain ]
| 000 -LEADER | |
|---|---|
| fixed length control field | 01824nam a2200397 a 4500 |
| 001 - CONTROL NUMBER | |
| control field | ebr10271048 |
| 003 - CONTROL NUMBER IDENTIFIER | |
| control field | CaPaEBR |
| 006 - FIXED-LENGTH DATA ELEMENTS--ADDITIONAL MATERIAL CHARACTERISTICS--GENERAL INFORMATION | |
| fixed length control field | m u |
| 007 - PHYSICAL DESCRIPTION FIXED FIELD--GENERAL INFORMATION | |
| fixed length control field | cr cn||||||||| |
| 008 - FIXED-LENGTH DATA ELEMENTS--GENERAL INFORMATION | |
| fixed length control field | 070907s2007 ne ab sb 001 0 eng d |
| 010 ## - LIBRARY OF CONGRESS CONTROL NUMBER | |
| Canceled/invalid LC control number | 2007037039 |
| 020 ## - INTERNATIONAL STANDARD BOOK NUMBER | |
| Cancelled/invalid ISBN | 9789004161900 (hardback : alk. paper) |
| 040 ## - CATALOGING SOURCE | |
| Original cataloging agency | CaPaEBR |
| Transcribing agency | CaPaEBR |
| 035 ## - SYSTEM CONTROL NUMBER | |
| System control number | (OCoLC)646789877 |
| 043 ## - GEOGRAPHIC AREA CODE | |
| Geographic area code | a-iq--- |
| -- | a-tu--- |
| -- | a-ir--- |
| 050 14 - LIBRARY OF CONGRESS CALL NUMBER | |
| Classification number | DS135.K8 |
| Item number | Z35 2007eb |
| 082 04 - DEWEY DECIMAL CLASSIFICATION NUMBER | |
| Classification number | 305.892/405667 |
| Edition number | 22 |
| 100 1# - MAIN ENTRY--PERSONAL NAME | |
| Personal name | Zaken, Mordechai. |
| 245 10 - TITLE STATEMENT | |
| Title | Jewish subjects and their tribal chieftains in Kurdistan |
| Medium | [electronic resource] : |
| Remainder of title | a study in survival / |
| Statement of responsibility, etc | by Mordechai Zaken. |
| 260 ## - PUBLICATION, DISTRIBUTION, ETC. (IMPRINT) | |
| Place of publication, distribution, etc | Leiden ; |
| -- | Boston : |
| Name of publisher, distributor, etc | Brill, |
| Date of publication, distribution, etc | 2007. |
| 300 ## - PHYSICAL DESCRIPTION | |
| Extent | xix, 375 p. : |
| Other physical details | ill., map. |
| 490 1# - SERIES STATEMENT | |
| Series statement | Jewish identities in a changing world, |
| International Standard Serial Number | 1570-7997 ; |
| Volume number/sequential designation | v. 9 |
| 504 ## - BIBLIOGRAPHY, ETC. NOTE | |
| Bibliography, etc | Includes bibliographical references and index. |
| 505 0# - FORMATTED CONTENTS NOTE | |
| Formatted contents note | pt. 1. Urban Jews and their tribal aghas -- pt. 2. Rural Jews and their tribal aghas -- pt. 3. Some aspects of daily and personal life -- pt. 4. The last generation in Kurdistan : between WWI and the immigration to Israel. |
| 533 ## - REPRODUCTION NOTE | |
| Type of reproduction | Electronic reproduction. |
| Place of reproduction | Palo Alto, Calif. : |
| Agency responsible for reproduction | ebrary, |
| Date of reproduction | 2011. |
| Note about reproduction | Available via World Wide Web. |
| -- | Access may be limited to ebrary affiliated libraries. |
| 650 #0 - SUBJECT ADDED ENTRY--TOPICAL TERM | |
| Topical term or geographic name as entry element | Jews |
| Geographic subdivision | Kurdistan |
| General subdivision | History. |
| Topical term or geographic name as entry element | Jews |
| General subdivision | Identity |
| Geographic subdivision | Kurdistan |
| General subdivision | History. |
| Topical term or geographic name as entry element | Jews |
| Geographic subdivision | Kurdistan |
| General subdivision | Social conditions. |
| Topical term or geographic name as entry element | Chiefdoms |
| Geographic subdivision | Kurdistan |
| General subdivision | History. |
| 651 #0 - SUBJECT ADDED ENTRY--GEOGRAPHIC NAME | |
| Geographic name | Kurdistan |
| General subdivision | History. |
| Geographic name | Kurdistan |
| General subdivision | Ethnic relations. |
| 655 #7 - INDEX TERM--GENRE/FORM | |
| Genre/form data or focus term | Electronic books. |
| Source of term | local |
| 710 2# - ADDED ENTRY--CORPORATE NAME | |
| Corporate name or jurisdiction name as entry element | ebrary, Inc. |
| 830 #0 - SERIES ADDED ENTRY--UNIFORM TITLE | |
| Uniform title | Jewish identities in a changing world ; |
| Volume number/sequential designation | v. 9. |
| 856 40 - ELECTRONIC LOCATION AND ACCESS | |
| Uniform Resource Identifier | <a href="http://site.ebrary.com/lib/rucke/Doc?id=10271048">http://site.ebrary.com/lib/rucke/Doc?id=10271048</a> |
| Public note | An electronic book accessible through the World Wide Web; click to view |
No items available.
